Clinical Applications Of The Doppler Ultrasound (Record no. 5539)

MARC details
000 -LEADER
fixed length control field 00344nam a2200133Ia 4500
008 - FIXED-LENGTH DATA ELEMENTS--GENERAL INFORMATION
fixed length control field 220613s9999||||xx |||||||||||||| ||und||
100 ## - MAIN ENTRY--PERSONAL NAME
Author Name Kenneth J W Taylor
245 #0 - TITLE STATEMENT
Title Clinical Applications Of The Doppler Ultrasound
250 ## - EDITION STATEMENT
Edition 2nd(1995)
260 ## - PUBLICATION, DISTRIBUTION, ETC. (IMPRINT)
Name of publisher LIPPINCOTT WILLIAMS & WILKINS
300 ## - PHYSICAL DESCRIPTION
Page No 399
650 ## - SUBJECT ADDED ENTRY--TOPICAL TERM
Subject Radiology
942 ## - ADDED ENTRY ELEMENTS (KOHA)
Koha item type Medicine
Holdings
Withdrawn status Lost status Source of classification or shelving scheme Damaged status Not for loan Home library Current library Date acquired Total Checkouts Barcode Checked out Date last seen Date checked out Koha item type
    Dewey Decimal Classification     SRHU Library System SRHU Library System 16/05/2023 1 CL0007540 31/12/2040 16/05/2023 16/05/2023 Radiology
Designed & Maintained by: SRHU Library System
Central Library, Contact: